| 000 | 00584nam a2200193Ia 4500 | ||
|---|---|---|---|
| 003 | OSt | ||
| 005 | 20201012094618.0 | ||
| 008 | 190216s9999||||xx |||||||||||||| ||und|| | ||
| 020 | _a9780074604007 | ||
| 040 | _coclc | ||
| 082 |
_a621.381958 _bBAR/D |
||
| 100 |
_aBartee, Thomas C _95419 |
||
| 245 | 0 |
_aDigital Computer Fundamentals / _cThomas C Bartee |
|
| 250 | _a6th Ed. | ||
| 260 |
_bTata Mcgraw Hill Publishing Company Ltd, _c1985. _aNew Delhi: |
||
| 300 | _a610p | ||
| 650 | _aComputer Science | ||
| 942 |
_cBK _2ddc _h621.381958 _iBAR/D _k621.381958 _mBAR/D |
||
| 999 |
_c8672 _d8672 |
||